Harappan civilization : (Record no. 165378)

MARC details
000 -LEADER
fixed length control field 00667nam a2200193 4500
005 - DATE AND TIME OF LATEST TRANSACTION
control field 20240216143510.0
010 ## - LCCN (DPL NO)
LC control number ENG-125620
020 ## - INTERNATIONAL STANDARD BOOK NUMBER
International Standard Book Number 9789351711438
Terms of availability 3500.00
035 ## - SYSTEM CONTROL NUMBER
System control number EN-109152
037 ## - SOURCE OF ACQUISITION
Source of stock number/acquisition DBAD/PUB
082 ## - DEWEY DECIMAL CLASSIFICATION NUMBER
Classification number 934
100 ## - MAIN ENTRY--PERSONAL NAME
Personal name Parmar, Narender
245 ## - TITLE STATEMENT
Title Harappan civilization :
Remainder of title beyond the Saraswati - Drishadvati valley /
Statement of responsibility, etc by Narender Parmar
260 ## - PUBLICATION, DISTRIBUTION, ETC. (IMPRINT)
Place of publication, distribution, etc New Delhi
Name of publisher, distributor, etc Research India Press
Date of publication, distribution, etc 2019
270 ## - ADDRESS
Address E-6/34, Sangam Vihar
City New Delhi
Postal code 110062
Telephone number 011-26047013, 9818085794
Electronic mail address 011-26047013
300 ## - PHYSICAL DESCRIPTION
Extent xiv,187p;
Dimensions 29cm(Hb)
Other physical details ill.
500 ## - GENERAL NOTE
General note Includes bibliographical references
942 ## - ADDED ENTRY ELEMENTS (KOHA)
Source of classification or shelving scheme Dewey Decimal Classification
Item type English Books
Classification part 934
Call number suffix PAR
Holdings
Withdrawn status Lost status Not for loan Collection code Home library Current library Date acquired Source of acquisition Cost, normal purchase price Full call number Barcode Copy number Cost, replacement price Koha item type
    Not For Loan Reference Sarojini Nagar Sarojini Nagar 14/06/2019 DBAD/PUB 3500.00 934 PAR EN-109152 1 3500.00 English Books

© Delhi Public Library
Hit Counter
free hit counter